00561cam a2200169u 450000100100000000500170001000800410002704000250006808200170009310000410011024000570015124500560020826000450026430000210030949000180033050000430034800000762920200929154234.0830325s1950 nyu 000 0 eng  aDO-SdBNPbspacBNPHU axxxxxxbO77R1 aOrtega y Gasset, José,d1883-1955.00aRebeliÓn de las masas.lEnglish [from old catalog]14aThe revolt of the masses /cJosé Ortega y Gasset. aNew York :bNew American Library,c1950. a141 p. ;c18 cm.1 aA mentor book aIncluye notas al pie de las páginas.